000 00889nam a22002537a 4500
001 000709
003 DO-SdBNP
005 20161117111918.0
007 000709
008 161117b 1989 nyu a ||||| |||| 00| 0 spa d
020 _a0689713517
040 _aBPMSU
_bspa
_cBPMSU
082 _axxxx
_bxxxx
100 1 _aViorst, Judith
240 1 0 _aAlexander, who used to be rich last Sunday.
_lEspañol
245 1 0 _aAlexander, que era rico el domingo pasado /
_cJudith Viorst ; ilustrado por Ray Cruz ; traducido por Alma Flor Ada.
260 _aNew York :
_bAladdin Paperbacks,
_bLibros Colibrí,
_c1989.
300 _a32 páginas sin numerar :
_bil. ;
_c19 cm.
500 _aTraducción de Alexander, who used to be rich last Sunday.
700 1 2 _aCruz, Ray,
_eil.
700 1 2 _a Ada, Alma Flor,
_etr.
_d1938-
942 _2ddc
_cBK
956 _2LOPEREZ
_310
_620161117
_8BPMSU
_a00041
999 _c11983
_d11983